1722 1408 1665 1829 1328 1148 1697 1911 1234 1846 1144 1547 1706 1811 1137 1850 1036 1085 1460 1070 1306 1890 1421 1869 1044 1566 1566 1817 1213 1420 1481 1210 1527 1218 1210 1775 1507 1519 1464 1584 1102 1699 1262 1940 1143 1828 1628 1141 1333 1142 1647 1060 1582 1082 1968 1555 1816 1738 1770 1555 1036 1537 1420 1820 1037 1297 1879 1839 1937 1507 1587 1975 1315 1481 1389 1998 1418 1089 1212 1591 1871 1934 1245 1209 1693 1086 1778 1682 1772 1178 1198 1586 1710 1455 1583 1171 1934 1202 1878 BCNSPRNW ULIB Ver.6.0+V

เปลี่ยนเป็นภาษาไทย

Change to English
 แสดงรายละเอียดบรรณานุกรม
  กลับหน้าหลัก

Brief Record : Get Marc (ISO 2709) : E-mail record : QR code < ปิดหน้าต่าง
LEADER : 00000nam 2200000uu 4500
001    13399111375
003     ULIB
008    110623s||||||||th 000 0 tha d
020    9789747446913
050 04 BL1451^bน717ส 2550
100 1  วอลซ์, นีล โดนัลด์
245 10 สนทนากับพระเจ้า :^b[การพูดคุยที่ไม่ธรรมดา] = Conversations with God : an uncommon dialogue /^cนีล โดนัลด์ วอลช์, เขียน ; อัฐพงศ์ เพลินพฤกษา, แปล
250    พิมพ์ครั้งที่ 1
260    นนทบุรี :^bโอ้ พระเจ้า,^c2550
300    324 หน้า ;^c22 ซม
610 27 โรงเรียนวอลดอร์ฟ
650  7 พระเจ้า
650  7 ชีวิตทางจิตวิญญาณ
650  7 ความคิดและการคิด
650  7 ปรัชญาแห่งธรรมชาติ
700 0  อัฐพงศ์ เพลินพฤกษา
700 12 Walsch, Neale Donald.^tConversations with God : an uncommon dialogue
945    ^p260^l0^i022065
995    ทศพร
999 ^a ใช้งานได้ทุกระบบ
รายการนี้ยังไม่มีแท็ก
คุณยังไม่ได้ล็อกอิน คุณสามารถมีกิจกรรมร่วมกับเว็บไซต์ได้ แต่ต้องล็อกอินก่อน ::
  ล็อกอิน

รายการสื่อสารสนเทศ

ลำดับที่ ประเภท เลขเรียก/บาร์โค้ด สถานที่ สถานะ
- ไม่พบข้อมูล -

รายการใกล้เคียง
    หัวเรื่อง [พระเจ้า]
    หัวเรื่อง [ชีวิตทางจิตวิญญาณ]
    หัวเรื่อง [ความคิดและการคิด]

BibComment


ยังไม่เคยถูกคอมเมนท์

คอมเมนท์ทรัพยากรรายการนี้
  คอมเมนท์: สนทนากับพระเจ้า ..


 Copyright 2026. Bcnsprnw @Library